000 01038nam a2200241 a 4500
001 57812
003 BD-RjUL
005 20211209080544.0
008 161212s2015 bg ||||| |||| 00| 0 ben d
020 _c: Tk. 160.00
035 _a(BD-RjUL)57936
040 _aBD-RjUL
_bben
_cBD-RjUL
041 _aben
082 _223
_a297.61
_bUDI 2015
100 1 _aউদ্দীন, মোঃ নিজাম
_9171685
245 1 0 _aইমাম শারফুদ্দীন আল বূসীরী (রহ.) ও কাসীদাতুল বুরদাহ /
_cমোঃ নিজাম উদ্দীন, মুহা. বিলাল হুসাইন
260 _aরাজশাহী :
_bরেনেসাঁ পাবলিকেশন,
_c২০১৫
300 _a১৭৭ পৃ :
_bচিত্র ;
_c২০ সেমি.
650 _aইসলামী নেতৃবৃন্দ
_9171686
650 _aIslamic Leaders
_9171687
700 _aহুসাইন, মুহা. বিলাল
_9170482
942 _2ddc
_cBK
999 _c57812
_d57812